000 00646nam a2200193Ii 4500
003 JO-AjNU
008 230605s9999||||xx |||||||||||||| ||und||
040 _aJO-AjNU
_bara
_erda
_cJO-AjNU
041 _aara
050 1 4 _aLC198.G486 1989
100 3 _aغبارى،محمد سلامه محمد,
_eauthor
_918140
245 0 0 _aالخدمة الإجتماعية المدرسية
264 3 1 _aالقاهرة:المكتب الجامعي الحديث،1989
300 _a233ص
336 _atext
_btxt
_2rdacontent
337 _aunmediated
_bn
_2rdamedia
338 _avolume
_bnc
_2rdacarrier
650 4 _aالطلبة-نشاط اجتماعي
_918141
999 _aA5745
_c9313
_d9313